000 00540nam a2200205Ia 4500
005 20250326144352.0
008 250326s9999 xx 000 0 und d
037 _aTextbook
040 _aFMSL
_beng
_cFMSL
041 _aeng
_2eng
084 _aR4 P8
_qFMSL
100 _aJefeko W G
_9749544
245 0 _aContemporary ethical issues
_cJefeko W G
250 _a2
260 _aNY
_bNY, Humanity Books
_c2008
365 _b1412.5930000000001
650 _aSocial Science
942 _cTB
_hR4 P8
999 _c1303453
_d1303453